Sand-Lime and concrete bricks

Bibliographic Details
Main Author: Bessy G. E. (Author)
Format: Book
Language:English
Published: London : Her Majesty's Stationery Office 1948
Series:National Building Studies
Subjects:

MARC

LEADER 00000cam a2200000 7i4500
001 0000029403
005 20241126.0
008 210927 -uk# eng
040 |a INS   |b eng   |e rda 
090 0 0 |a TP832.S2   |b B48 1948 
100 1 |a Bessy G. E. ,   |e author 
245 1 0 |a Sand-Lime and concrete bricks   |c G. E. Bessy 
264 1 |a London :   |b Her Majesty's Stationery Office   |c 1948 
300 |a 12 pages ;   |c 25 cm. 
336 |a text  |2 rdacontent 
337 |a unmediated  |2 rdamedia 
338 |a volume  |2 rdacarrier 
490 0 |a National Building Studies 
500 |a Bulletin No. 4 
650 0 |a Brickmaking 
650 0 |a Sand-lime bricks 
999 |a 0000023828   |b BOOK   |c Open Shelf   |e Default branch